| 000 | 02128nam a2200349 i 4500 | ||
|---|---|---|---|
| 003 | EG-ScBUE | ||
| 005 | 20240715131747.0 | ||
| 008 | 180411q1996 mx ab f b 000 0 eng d | ||
| 020 | _a9687744006 | ||
| 020 | _a9789687744001 | ||
| 040 |
_aEG-ScBUE _beng _erda _cEG-ScBUE _dEG-ScBUE |
||
| 043 | _an-mx--- | ||
| 082 | 0 | 4 |
_a972.01 _bOLM _222 |
| 245 | 0 | 0 | _aOlmecs. |
| 264 | 1 |
_aMéxico, D.F. : _bEditorial Raíces/Instituto Nacional de Antropología e Historia, _c[1996?] |
|
| 300 |
_a91 pages : _bcolor illustrations, maps (color) ; _c24 cm. |
||
| 336 |
_2rdacontent _atext _btxt |
||
| 337 |
_aunmediated _2rdamedia _bn |
||
| 338 |
_avolume _bnc _2rdacarrier |
||
| 490 | 0 | _aArqueología mexicana | |
| 500 | _aBack cover folds out to present map entitled "Olmec world". | ||
| 504 | _aIncludes bibliographical references. | ||
| 505 | _aAncient Mexico / r| Robert H. Cobean, Alba Guadalupe Mastache -- t| The Olmec / r| David C. Grove -- t| The imprint of the Olmecs: t| cultural expansion in Mesoamerica / r| Enrique Vela -- t| Olmec art / r| Beatriz de la Fuente -- t| El Manatí, Veracruz / r| Ponciano Ortiz, Carmen Rodríguez -- t| La Venta: t| a great Olmec city / r| Rebecca B. González Lauck -- t| The colossal heads / r| Ann Cyphers -- t| San Lorenzo, Veracruz / r| Ann Cyphers -- t| The Precolumbian image of hurricanes / r| Arturo Oliveros -- t| Teopantecuanitlán / r| Guadalupe Martínez Donjuán. | ||
| 505 | _aCarlos Pellicer and the La Venta Park-Museum / r| Mónica del Villar K. -- t| Cacao: t| 1500 years in Tabasco / r| Martín González de la Vara -- t| The natural environment of the Olmec world / r| photos, Patricio Robles Gil ; información, Eugenia Pallares -- t| The rubber tree / r| Fernando Sánchez-Martínez -- t| Saint James and the mare / r| Luis Fernando Granados Salinas -- t| The spotted robe: t| stories of the jaguar. | ||
| 650 | 7 |
_aOlmecs. _2BUEsh |
|
| 650 | 7 |
_aIndians of Mexico _xAntiquities. _2BUEsh |
|
| 651 | 7 |
_aMexico _xAntiquities. _2BUEsh |
|
| 653 |
_bGGEN _cApril2018 |
||
| 655 | _vReading book | ||
| 942 |
_2ddc _cBB |
||
| 999 |
_c26489 _d26461 |
||